| Tag |
First Indicator |
Second Indicator |
Subfields |
| LEADER |
00000cam a2200000Ia 4500 |
| 001 |
in00002076708 |
| 005 |
20151102140042.0 |
| 008 |
050921s2005 dcua b 100 0 eng d |
| 020 |
|
|
|a 0309093740
|
| 035 |
|
|
|a (OCoLC)ocm61679290
|
| 040 |
|
|
|a OSU
|c OSU
|d TXA
|d UtOrBLW
|
| 049 |
|
|
|a TXAM
|
| 090 |
|
|
|a TE7
|b .H5 no.1903
|
| 245 |
0 |
0 |
|a Transit :
|b bus, rural public and intercity, and paratransit.
|
| 264 |
|
1 |
|a Washington, D.C. :
|b Transportation Research Board,
|c [2005]
|
| 264 |
|
4 |
|c ©2005
|
| 300 |
|
|
|a vii, 104 pages :
|b illustrations ;
|c 28 cm.
|
| 336 |
|
|
|a text
|b txt
|2 rdacontent
|
| 337 |
|
|
|a unmediated
|b n
|2 rdamedia
|
| 338 |
|
|
|a volume
|b nc
|2 rdacarrier
|
| 490 |
1 |
|
|a Transportation research record,
|x 0361-1981 ;
|v no. 1903
|
| 500 |
|
|
|a "Many of these papers were presented at the 84th Annual Meeting in January 2005"- p. vii.
|
| 500 |
|
|
|a "A peer-reviewed publication of the Transportation Research Board."
|
| 504 |
|
|
|a Includes bibliographical references.
|
| 650 |
|
0 |
|a Transportation
|v Congresses.
|
| 650 |
|
0 |
|a Bus lines
|v Congresses.
|
| 650 |
|
0 |
|a Paratransit services
|v Congresses.
|
| 650 |
|
0 |
|a Rural transit
|v Congresses.
|
| 650 |
|
0 |
|a Local transit
|v Congresses.
|
| 710 |
2 |
|
|a National Research Council (U.S.).
|b Transportation Research Board.
|
| 710 |
2 |
|
|a National Research Council (U.S.).
|b Transportation Research Board.
|b Annual Meeting
|n (84th :
|d 2005 :
|c Washington, D.C.)
|
| 830 |
|
0 |
|a Transportation research record.
|x 0361-1981 ;
|v no. 1903.
|
| 994 |
|
|
|a C0
|b TXA
|
| 948 |
|
|
|a cataloged
|b h
|c 2005/10/17
|d c
|e blrosas
|f 2:19:45 pm
|
| 999 |
|
|
|a MARS
|
| 999 |
f |
f |
|s 8de6ebc5-a2bf-3a02-938d-56ae0515de3f
|i 882c3341-e5ed-31e4-95ab-b14f073f0211
|t 0
|
| 952 |
f |
f |
|p ric
|a Texas A&M University
|b Rellis Campus
|c Joint Library Facility
|d Remote Storage
|t 0
|e TE7 .H5 no.1903
|h Library of Congress classification
|i unmediated -- volume
|m A14833070382
|
| 998 |
f |
f |
|a TE7 .H5 no.1903
|t 0
|l Remote Storage
|